00834cam a2200241 a 450000100100000000500170001000800410002702000150006803500190008304000250010208200180012710000580014524500400020326000370024330000210028049000210030165000280032265000420035083000300039291000340042295201210045699900150057700000790020200929154337.0910320s1989 sp 000 f spa  a8432206105 a(DLC) 91745695 aDO-SdBNPcDLCdBNPHU a863.64bM364d1 aMarsé, Juan,q(Juan Marsé Carbó),d1933-92168313aUn día volveré /cJuan Marsé. aBarcelona :bSeix Barral,c1989. a315 p. ;c21 cm.1 aBiblioteca breve 4aNovela española91123 4aLiteratura españolaySIGLO XX93326 0aBiblioteca breve ;913442 aCatalogación por copia / LC 001052708MOaGRbGRcCTd2009-09-11iLF1l0o863.64 M364dp7900-10r2020-06-25w2020-06-25y2ZPréstamo interno c7678d7678